000 00620nam a22002177a 4500
003 UA-OsUOA
001 58576
007 ta
008 20090217b un ||||| |||| 00| 0 ukr d
100 _aСюндюков І.
090 _a94
_bС98
942 _cSA
040 _aUA-OsUOA
_bukr
_cUA-OsUOA
_dUA-OsUOA
245 _aШістнадцятий президент. До 200-річчя від дня народження Авраама Лінкольна
300 _aС.7
955 _a0
041 _aukr
080 _a94
773 0 _w58575
650 7 _a9 Географія. Біографії. Історія
_2UDC
999 _c344659
_d344659